Read Reason Write: An Argument Text and Reader (Record no. 1028)

MARC details
005 - DATE AND TIME OF LATEST TRANSACTION
control field 20250320104928.0
020 ## - INTERNATIONAL STANDARD BOOK NUMBER
International Standard Book Number 978-0-07-338378-1
082 ## - DEWEY DECIMAL CLASSIFICATION NUMBER
Classification number 808.042 SEY
100 ## - MAIN ENTRY--PERSONAL NAME
Author name SEYLER, D. U.
245 ## - TITLE STATEMENT
Title Read Reason Write: An Argument Text and Reader
250 ## - EDITION STATEMENT
Edition statement 9th Ed.
260 ## - PUBLICATION, DISTRIBUTION, ETC.
Place of publication, distribution, etc. Boston,
Name of publisher, distributor, etc. McGraw-Hill,
Date of publication, distribution, etc. 2010.
300 ## - PHYSICAL DESCRIPTION
Extent xviii, 649p.,ill., picture, table, figure
Other physical details Index
Dimensions 23cm.
942 ## - ADDED ENTRY ELEMENTS (KOHA)
Source of classification or shelving scheme Dewey Decimal Classification
Koha item type Books
Holdings
Date last seen Total checkouts Full call number Barcode Cost, replacement price Price effective from Koha item type Lost status Source of classification or shelving scheme Damaged status Not for loan Withdrawn status Home library Current library Shelving location Date acquired Cost, normal purchase price
03/20/2025   808.042 SEY 0000003991 90000.00 03/20/2025 Books   Dewey Decimal Classification       College of Business Education Main Library College of Business Education Main Library General Collection 03/20/2025 30000.00
03/20/2025   808.042 SEY 0000003992 90000.00 03/20/2025 Books   Dewey Decimal Classification       College of Business Education Main Library College of Business Education Main Library General Collection 03/20/2025 30000.00
03/20/2025   808.042 SEY 0000003993 90000.00 03/20/2025 Books   Dewey Decimal Classification       College of Business Education Main Library College of Business Education Main Library General Collection 03/20/2025 30000.00
03/20/2025   808.042 SEY 0000003994 90000.00 03/20/2025 Books   Dewey Decimal Classification       College of Business Education Main Library College of Business Education Main Library General Collection 03/20/2025 30000.00
03/20/2025   808.042 SEY 0000003995 90000.00 03/20/2025 Books   Dewey Decimal Classification       College of Business Education Main Library College of Business Education Main Library General Collection 03/20/2025 30000.00